Précis d'histoire de la philosophie chinoise
Guardat en:
| Autor principal: | |
|---|---|
| Format: | Llibre |
| Idioma: | francès |
| Publicat: |
París
Payot
1952
|
| Col·lecció: | Bibliothèque Scientifique
|
| Matèries: | |
| Etiquetes: |
Afegir etiqueta
Sense etiquetes, Sigues el primer a etiquetar aquest registre!
|
MARC
| LEADER | 00000nam a2200000 a 4500 | ||
|---|---|---|---|
| 001 | UCZ5193 | ||
| 003 | CL-VaPUC | ||
| 008 | 951117e19520000FR |||||||||||||||||fre|d | ||
| 082 | 0 | 4 | |a 181.11 |b FON |2 21 |
| 100 | 0 | |a Fong, Yeou-Lan |e author |9 349153 | |
| 245 | 1 | 0 | |a Précis d'histoire de la philosophie chinoise |
| 300 | |a 373 p | ||
| 942 | |c BK | ||
| 945 | |d 19951117 00:00:00 |a cmena | ||
| 260 | |a París |b Payot |c 1952 | ||
| 600 | 0 | 7 | |a CONFUCIO |2 CL-VaPUC |9 265849 |
| 600 | 0 | 7 | |a MO-TSEU |2 CL-VaPUC |9 349154 |
| 600 | 0 | 7 | |a YANG, TCHOU |2 CL-VaPUC |9 349155 |
| 600 | 0 | |a Lao-Tse |d siglo 6 A.C.-siglo 5 A.C. |9 349156 | |
| 600 | 0 | 7 | |a TCHOUANG-TSEU |2 CL-VaPUC |9 349157 |
| 600 | 0 | 7 | |a SIUN-TSEU |2 CL-VaPUC |9 349158 |
| 600 | 0 | 7 | |a HAN FEI-TSEU |2 CL-VaPUC |9 349159 |
| 600 | 0 | 7 | |a HANG YU |2 CL-VaPUC |9 349160 |
| 600 | 0 | 7 | |a LI NGAO |2 CL-VaPUC |9 349161 |
| 600 | 0 | 7 | |a LOU, KIEOU-YUAN |2 CL-VaPUC |9 349162 |
| 600 | 0 | 7 | |a WANG, CHEOU-JEN |2 CL-VaPUC |9 349163 |
| 650 | 7 | |a FILOSOFIA CHINA |2 CL-VaPUC |9 266932 | |
| 650 | 0 | |a Historia |9 255047 | |
| 650 | 0 | |a Escuelas filosóficas |9 266232 | |
| 650 | 7 | |a TAOISMO |2 CL-VaPUC |9 323460 | |
| 650 | 0 | |a Cosmología |9 269138 | |
| 650 | 0 | |a Racionalismo |9 259116 | |
| 650 | 0 | |a Platonismo |9 265673 | |
| 650 | 0 | |a Metafísica |9 265649 | |
| 583 | |a last modification |c 19951117 00:00:00 |k Rodrigo Vera | ||
| 490 | 0 | |a Bibliothèque Scientifique | |
| 999 | |c 241515 |d 241513 | ||
| 952 | |0 0 |1 0 |4 0 |6 181_110000000000000_FON_1952 |7 0 |8 P |9 253850 |a BIBEDU |b BIBEDU |c BIBEDU_PB |d 2019-11-19 |i 1572601 |o 181.11 FON 1952 |p 1572601 |r 2019-11-19 |w 2019-11-19 |y BK |k FIL | ||